Centrá na Slovensku rastú už aj do hĺbky

Keď pred viac ako desiatimi rokmi zakladala čínska spoločnosť Lenovo svoje centrum zdieľaných služieb v Bratislave, bola to v podstate neznáma firma. Po odkúpení PC divízie od IBM hľadala krajinu s nízkymi nákladmi, dobrou infraštruktúrou a vzdelanou pracovnou silou so znalosťami cudzích jazykov. Vý...

Descrizione completa

Salvato in:
Dettagli Bibliografici
Autore principale: Kvašňák, Lukáš
Natura: Capitolo di libro
Lingua:slovacco
Soggetti:
Tags: Aggiungi Tag
Nessun Tag, puoi essere il primo ad aggiungerne!!

MARC

LEADER 00000naa a2200000 4500
001 0229547
005 20170425141136.2
041 0 |a slo 
044 |a SK 
245 1 0 |a Centrá na Slovensku rastú už aj do hĺbky  |c Lukáš Kvašňák 
520 |a Keď pred viac ako desiatimi rokmi zakladala čínska spoločnosť Lenovo svoje centrum zdieľaných služieb v Bratislave, bola to v podstate neznáma firma. Po odkúpení PC divízie od IBM hľadala krajinu s nízkymi nákladmi, dobrou infraštruktúrou a vzdelanou pracovnou silou so znalosťami cudzích jazykov. Vývoj centra môže slúžiť ako praktická ukážka toho, akými výraznými zmenami prešlo celé odvetvie servisných centier na Slovensku za viac ako dekádu. 
610 2 0 |a služby 
610 2 0 |a faktúry 
610 2 0 |a objednávky 
610 2 0 |a technológie informačné 
610 2 0 |a technológie komunikačné 
610 2 0 |a firmy 
100 1 |a Kvašňák, Lukáš